|
|
|
|
| LEADER |
00000nam0a2200000 4500 |
| 001 |
116943 |
| 005 |
20231031123456.0 |
| 010 |
|
|
|a 9785931360317
|
| 035 |
|
|
|a (RuTPU)RU\TPU\book\126548
|
| 090 |
|
|
|a 116943
|
| 100 |
|
|
|a 20070529d2007 m y0rusy50 ca
|
| 101 |
0 |
|
|a rus
|
| 102 |
|
|
|a RU
|
| 105 |
|
|
|a a z 000zy
|
| 200 |
1 |
|
|a Избранные статьи, выступления, интервью председателя Совета Федерации, председателя политической партии "Справедливая Россия: Родина /Пенсионеры /Жизнь" С. М. Миронова (ноябрь 2005 - декабрь 2006)
|f С. М. Миронов
|
| 210 |
|
|
|a Москва
|c Ключ-С
|d 2007
|
| 215 |
|
|
|a 360 с.
|c ил.
|
| 330 |
|
|
|a Данные материалы посвящены наиболее актуальным проблемам общественно-политической и социально-экономической жизни нашей страны и будут интересны тем, кому небезразлично настоящее и будущее России.
|
| 610 |
1 |
|
|a политика
|
| 610 |
1 |
|
|a внутренняя политика
|
| 610 |
1 |
|
|a Россия
|
| 610 |
1 |
|
|a политические партии
|
| 610 |
1 |
|
|a общественно-политические отношения
|
| 610 |
1 |
|
|a политические деятели
|
| 610 |
1 |
|
|a власть
|
| 610 |
1 |
|
|a парламент
|
| 610 |
1 |
|
|a общество
|
| 610 |
1 |
|
|a наука
|
| 610 |
1 |
|
|a национальная политика
|
| 610 |
1 |
|
|a выступления
|
| 610 |
1 |
|
|a интервью
|
| 686 |
|
|
|a Ф3(2)6
|v LBC/SL-A
|2 rubbk
|
| 700 |
|
1 |
|a Миронов
|b С. М.
|g Сергей Михайлович
|
| 801 |
|
1 |
|a RU
|b 63413507
|c 20070529
|g PSBO
|
| 801 |
|
2 |
|a RU
|b 63413507
|c 20070614
|g PSBO
|
| 942 |
|
|
|c BK
|